| 000 | 00956nam a2200265u 4500 | ||
|---|---|---|---|
| 001 | 27331 | ||
| 003 | BD-RjUL | ||
| 005 | 20211209051136.0 | ||
| 008 | 140325t19641948nyu 001 0 eng | ||
| 035 | _a(BD-RjUL)27404 | ||
| 040 |
_aDLC _cCarP _dDLC _dBD-RjUL _beng |
||
| 041 | _aeng | ||
| 082 |
_a975.44 _bDID 1964 |
||
| 100 | 1 |
_aDick, Everett Newfon, _d1898- [from old catalog] _983928 |
|
| 245 | 1 | 4 |
_aThe Dixie frontier : _ba social history of the southern frontier from the first transmontane beginnings to the Civil War / _cby Everett Dick. |
| 250 | _aCapricorn books ed. | ||
| 260 |
_aNew York : _bCapricorn, _cc1948 [1964]. |
||
| 300 |
_axix, 374, xxv p. ; _c22 cm. |
||
| 504 | _aIncludes bibliographical references and index. | ||
| 650 | 0 |
_aFrontier and pioneer life _zSouthwest, Old. [from old catalog] _983929 |
|
| 651 | 0 |
_aSouthwest, Old _xHistory. [from old catalog] _983930 |
|
| 942 |
_2ddc _cBK |
||
| 999 |
_c27331 _d27331 |
||